| 000 | 00612nam a22002417a 4500 | ||
|---|---|---|---|
| 003 | UA-OsUOA | ||
| 001 | 22708 | ||
| 007 | ta | ||
| 008 | 20031224b un ||||| |||| 00| 0 ukr d | ||
| 090 |
_a236.9 _bК64 |
||
| 942 | _cBK | ||
| 040 |
_aUA-OsUOA _brus _cUA-OsUOA _dUA-OsUOA |
||
| 245 |
_aКонец света. Эсхатология и традиция _bАльманах Милый Ангел |
||
| 300 | _a408 с. | ||
| 955 | _a0 | ||
| 041 | _arus | ||
| 080 | _a236.9 | ||
| 020 | _a5-85928-020-3 | ||
| 260 |
_aМосква _bАрктогея _c1997 |
||
| 044 | _aRU | ||
| 650 | 7 | _2UDC | |
| 999 |
_c308936 _d308936 |
||